Normal view
MARC view
Entry Topical Term
001 - CONTROL NUMBER
- control field: 66358
003 - CONTROL NUMBER IDENTIFIER
- control field: OSt
005 - DATE AND TIME OF LATEST TRANSACTION
- control field: 20161223141937.0
008 - FIXED-LENGTH DATA ELEMENTS
- fixed length control field: 161223|| aca||aabn | a|a d
040 ## - CATALOGING SOURCE
- Original cataloging agency: OSt
- Transcribing agency: OSt
150 ## - HEADING--TOPICAL TERM
- Topical term or geographic name entry element: Biography
670 ## - SOURCE DATA FOUND
- Source citation: Work cat.: (OSt): Chakravarty Radha 8514, Shades of Difference sekected works of rabindranath tagore, 2015









